[Event "Warsaw YMCA Autumn-E 178th"]
[Site "Warsaw"]
[Date "2016.10.03"]
[Round "3"]
[White "Matyszkiewicz, Radoslaw"]
[Black "Ruta, Grzegorz"]
[Result "1-0"]
[WhiteElo "1227"]
[BlackElo "1006"]
[PlyCount "83"]
[EventDate "2016.09.19"]
[EventType "tourn"]
[EventRounds "13"]
[EventCountry "POL"]
[SourceTitle "EXT 2019"]
[Source "ChessBase"]
[SourceDate "2018.10.10"]
[SourceVersion "1"]
[SourceVersionDate "2018.10.10"]
[SourceQuality "1"]

1. e4 e6 2. d3 d5 3. Qe2 c5 4. g3 d4 5. Bg2 e5 6. Nf3 Nc6 7. 0-0 Nf6 8. Nbd2 Be6 9. a3 Bd6 10. Re1 0-0 11. Ng5 Bg4 12. f3 Bh5 13. g4 Bg6 14. h4 h6 15. Nh3 Be7 16. f4 Nd7 17. h5 Bh7 18. Nf3 b5 19. g5 a5 20. f5 f6 21. g6 b4 22. gxh7+ Kxh7 23. a4 Nb6 24. Nh4 Re8 25. Qg4 c4 26. Qg6+ Kh8 27. Bxh6 gxh6 28. Qxh6+ Kg8 29. Ng6 Bf8 30. Qh8+ Kf7 31. Qh7+ Bg7 32. h6 Rg8 33. hxg7 Rxg7 34. Qh5 Ke8 35. Nxe5+ Kf8 36. Ng6+ Ke8 37. e5 Nxe5 38. Nxe5+ Kf8 39. Ng6+ Kf7 40. Re7+ Qxe7 41. Nxe7+ Kxe7 42. Re1+ 1-0

[Event "Warsaw YMCA Spring-E 171th"]
[Site "Warsaw"]
[Date "2016.06.20"]
[Round "13"]
[White "Matyszkiewicz, Radoslaw"]
[Black "Ruta, Grzegorz"]
[Result "1-0"]
[WhiteElo "1274"]
[BlackElo "1018"]
[PlyCount "75"]
[EventDate "2016.04.04"]
[EventType "tourn"]
[EventRounds "13"]
[EventCountry "POL"]
[SourceTitle "EXT 2019"]
[Source "ChessBase"]
[SourceDate "2018.10.10"]
[SourceVersion "1"]
[SourceVersionDate "2018.10.10"]
[SourceQuality "1"]

1. e4 e6 2. d3 d5 3. Qe2 d4 4. e5 c5 5. g3 Nc6 6. Bg2 Qc7 7. f4 Nge7 8. Nf3 g6 9. Nbd2 Bg7 10. 0-0 0-0 11. Ne4 Nb4 12. h4 Ned5 13. a3 Na6 14. h5 b5 15. Nh2 Bb7 16. Ng4 Qe7 17. h6 Bh8 18. f5 exf5 19. Bg5 f6 20. Nexf6+ Nxf6 21. Nxf6+ Bxf6 22. Bxf6 Rxf6 23. Bxb7 Rd8 24. Rae1 Re6 25. Bg2 Qg5 26. Qf3 Qxh6 27. Qb7 Qg7 28. Qxb5 Rb6 29. Qc4+ Kh8 30. e6 Re8 31. Re2 Qf6 32. Rfe1 Nc7 33. Qxc5 Nxe6 34. Qc4 g5 35. Bd5 Re7 36. Bxe6 Rbxe6 37. Rxe6 Rxe6 38. Rxe6 1-0

[Event "Milanowek-chA 21st"]
[Site "Milanowek"]
[Date "2015.06.23"]
[Round "2.9"]
[White "Ruta, Grzegorz"]
[Black "Szczygielski, Maciej"]
[Result "0-1"]
[WhiteElo "1040"]
[BlackElo "1260"]
[PlyCount "62"]
[EventDate "2015.06.22"]
[EventType "swiss"]
[EventRounds "9"]
[EventCountry "POL"]
[SourceTitle "EXT 2023"]
[Source "ChessBase"]
[SourceDate "2022.10.05"]
[SourceVersion "1"]
[SourceVersionDate "2022.10.05"]
[SourceQuality "1"]

1. c4 g6 2. d4 d6 3. Nf3 Bg7 4. Nc3 Nc6 5. Bf4 Bg4 6. e3 Nf6 7. Be2 Nh5 8. 0-0 e5 9. dxe5 dxe5 10. Nxe5 Qxd1 11. Rfxd1 Bxe2 12. Nxe2 Nxe5 13. Bxe5 Bxe5 14. Rd2 Ke7 15. f4 Bg7 16. g4 Nf6 17. h3 Rad8 18. Rc2 Ne4 19. Kg2 f5 20. c5 h5 21. gxf5 gxf5 22. Ng3 Rhg8 23. Nxf5+ Ke6 24. Nxg7+ Rxg7+ 25. Kf3 Kf5 26. Rg2 Rd2 27. Rxd2 Nxd2+ 28. Ke2 Rg2+ 29. Kd3 Ne4 30. Rc1 c6 31. Rc4 Rd2# 0-1